=LDR 00000nam 2200000 4500 =001 INLIS000000000002351 =005 20200901083657 =035 ##$$a 0010-061300000002351 =008 200901################g##########0#ind## =041 ##$$a Ind =082 ##$$a 2x1.6 =090 ##$$a 899, Has k =100 1#$$a Hasyim, Nafron =245 1#$$a Kisasu L-anbiya, : $b karya sastra yang bertolak dari Qur'an serta teks kisah nabi inrahim dan nabi musa /$c Nafron Hasyim =260 ##$$a Jakarta :$b Intermasa,$c 1991 =300 ##$$a xiii, 563 hlm. ; $c 15x22 cm. =650 #4$$a Al Qur'an - kisah - analisa sastra =850 ##$$a NBPNMAT =020 ##$$a 979-8114-96-5 =084 ##$$a 2x1.6 HAS k =990 ##$$a 43.224/Hd.92 =990 ##$$a 58.778 pro.93